Османская империя в мировой экономической системе: вторая половина XIX / (Kayıt no. 10396)

MARC ayrıntıları
000 -BAŞLIK
Sabit Uzunluktaki Kontrol Alanı 00809nam a22002177a 4500
003 - KONTROL NUMARASI KİMLİĞİ
Kontrol Alanı KOHA_MİRAKIL
005 - EN SON İŞLEM TARİHİ ve ZAMANI
Kontrol Alanı 20260602102017.0
008 - SABİT UZUNLUKTAKİ VERİ ÖGELERİ - GENEL BİLGİ
Sabit Alan 260602b tu ||||| |||| 00| 0 tur d
020 ## - ISBN - ULUSLARARASI STANDART KİTAP NUMARASI
Isbn 9785288037771
040 ## - KATALOGLAMA KAYNAĞI
Özgün Kataloglama Kurumu TR-AnABB
Kataloglama Dili tur
Çeviri Kurumu TR-AnABB
041 ## - DİL KODU
Metin ya da ses kaydının dil kodu rus
082 ## - DEWEY ONU SINIFLAMA SİSTEMİ
Sınıflama Numarası 330.956 1
Cutter numarası IVA 2005
100 1# - KİŞİ ADI
Yazar Adı (Kişi adı) İvanov , S. M.
245 10 - ESER ADI BİLDİRİMİ
Başlık Османская империя в мировой экономической системе: вторая половина XIX /
Sorumluluk Bildirimi С. М. Иванов
260 ## - YAYIN, DAĞITIM, VB.
Yayın Yeri Petersburg :
Yayınevi St. Petersburg Üniversitesi Yayınevi,
Yayın Tarihi 2005
300 ## - FİZİKSEL TANIMLAMA
Sayfa, Cilt vb. 351 sayfa ;
Boyutları 20 cm
500 ## - GENEL NOT
Genel Not Kitap, yazar tarafından Prof. Dr. Ruşen Keleş için imzalanmıştır.
650 04 - KONU BAŞLIĞI EK GİRİŞ - KONU TERİMİ
Konusal terim veya coğrafi ad Ekonomi, Osmanlı İmparatorluğu
650 04 - KONU BAŞLIĞI EK GİRİŞ - KONU TERİMİ
Konusal terim veya coğrafi ad Ekonomi
942 ## - EK GİRİŞ ÖGELERİ (KOHA)
Sınıflama Kaynağı Dewey Decimal Classification
Materyal Türü Kitap
900 ## - YEREL BİLGİ
Kontrol Can ÇELIK
Mevcut
Geri Çekilme Durumu Kayıp Durumu Sınıflandırma Kaynağı Kredi için değil Kalıcı Konum Mevcut Konum Kayıt Tarih Toplam Ödünçverme Yer Numarası Demirbaş Numarası Son Görülme Tarihi Fatura Tarihi Materyal Türü
    Dewey Decimal Classification   Prof. Dr. Ruşen Keleş Kütüphanesi Prof. Dr. Ruşen Keleş Kütüphanesi 02/06/2026   330.956 1 IVA 2005 RK7121 02/06/2026 02/06/2026 Kitap